000 00761nam a2200301Ia 4500
001 35175
003 IT-RoPAU
008 130308s9999 xx 000 0 und d
040 _aIT-RoPAU
040 _cIT-RoPAU
041 _aITALIANO
100 _aSchaff Adam
100 _gCodice Aut. SPICS: 1513
245 _aSemantica generale
245 _bSemantica Generale (La)
250 _a1a ed.
260 _aROMA
260 _bCitta' Nuova
260 _c1976 [1° Ed.:1976 - Ed.Ling.Originale:1965]
300 _a"15 p. (prefazione: no ; testo: 15 [pagine: 155-169])"
500 _aDa Introduzione Alla Semantica
650 _aSEMANTICA
650 _eCodice materia Spics: 3301
942 _cBK
957 _71
999 _c41665
_d41665
999 _bSI
999 _g1